| 000 | 01615nam0a2200361 4500 | ||
|---|---|---|---|
| 001 | RU\NLR\b_ik\191964 | ||
| 005 | 20250616231131.0 | ||
| 035 | _a(NLR Aleph) 002264413 | ||
| 090 |
_a3863895 _c3863895 |
||
| 100 | _a20111011d2011 |||y0rusy50 ca | ||
| 101 | 0 |
_aeng _drus |
|
| 102 | _aRU | ||
| 105 | _ay ||||||||| | ||
| 200 | 1 |
_aOn the characteristics of the lowest levels in 146Pm _fYu.L. Khazov |
|
| 210 |
_aGatchina _cПИЯФ _d2011 |
||
| 215 |
_a7, [1] c. _d20 |
||
| 225 | 1 |
_aReport _fRuss. acad. of sciences, Petersburg nuclear physics inst. _vПИЯФ-2011. 2875 |
|
| 300 | _aНа обороте тит. л.: О характеристике нижних уровней 146Pm / Ю.Л. Хазов | ||
| 300 | _aНа обл. надзаг. на рус. яз. | ||
| 300 | _aРез. на рус. яз. | ||
| 320 | _aБиблиогр. в конце кн. (5 назв.) | ||
| 517 | 0 | _aО характеристике нижних уровней 146Pm | |
| 606 | 1 |
_aПрометий _xИзотопы _xАтомное ядро _xВозбужденные состояния _92177075 _3RU\NLR\AUTH\6601545288 |
|
| 606 | 1 |
_aАтомное ядро нечетно-нечетное _xВозбужденные состояния _91050864 _3RU\NLR\AUTH\6688087 |
|
| 606 | 1 |
_aАтомное ядро нечетно-нечетное _xЭнергетические уровни _91050876 _3RU\NLR\AUTH\6688093 |
|
| 686 | 1 | _aВ383.4-3 | |
| 686 | 1 | _aВ383.23 | |
| 700 | 1 |
_aChazov _bJ. L. _4070 |
|
| 801 | 0 |
_aRU _bNLR _c20111011 _gRCR |
|
| 942 | _cBOOK | ||
| 980 | _aNB | ||